The chemical process industries / (Record no. 76622)
[ view plain ]
| 000 -LEADER | |
|---|---|
| fixed length control field | 00828nam a2200277 a 4500 |
| 001 - CONTROL NUMBER | |
| control field | 76622 |
| 003 - CONTROL NUMBER IDENTIFIER | |
| rucl marc code | BD-RjUL |
| 005 - DATE AND TIME OF LATEST TRANSACTION | |
| control field | 20211209082851.0 |
| 008 - FIXED-LENGTH DATA ELEMENTS--GENERAL INFORMATION | |
| fixed length control field | 191226s1945 nyua 000 0 eng |
| 035 ## - SYSTEM CONTROL NUMBER | |
| System control number | (BD-RjUL)76846 |
| 040 ## - CATALOGING SOURCE | |
| Original cataloging agency | DLC |
| Transcribing agency | DLC |
| Modifying agency | DLC |
| -- | BD-RjUL |
| Language of cataloging | eng |
| 041 ## - LANGUAGE CODE | |
| Language code of text/sound track or separate title | eng |
| 082 00 - DEWEY DECIMAL CLASSIFICATION NUMBER | |
| Edition number | 23 |
| Classification number | 660.2 |
| Author mark and year | SHC 1945 |
| 100 1# - MAIN ENTRY--PERSONAL NAME | |
| Personal name | Shreve, R. Norris |
| Fuller form of name | (Randolph Norris), |
| Dates associated with a name | 1885-1975. |
| 9 (RLIN) | 50258 |
| 245 14 - TITLE STATEMENT | |
| Title | The chemical process industries / |
| Statement of responsibility, etc. | R. Norris Shreve |
| 250 ## - EDITION STATEMENT | |
| Edition statement | 1st ed. |
| 260 ## - PUBLICATION, DISTRIBUTION, ETC. (IMPRINT) | |
| Place of publication, distribution, etc. | New York : |
| Name of publisher, distributor, etc. | McGraw-Hill, |
| Date of publication, distribution, etc. | 1945. |
| 300 ## - PHYSICAL DESCRIPTION | |
| Pagination | xii,957 p.: |
| Illustrations | illus.; |
| Size | 24 cm. |
| 490 0# - SERIES STATEMENT | |
| Series statement | McGraw-Hill series in chemical engineering |
| 500 ## - GENERAL NOTE | |
| General note | Includes Index |
| 650 #0 - SUBJECT ADDED ENTRY--TOPICAL TERM | |
| Topical term or geographic name as entry element | Chemistry, Technical. |
| 9 (RLIN) | 234701 |
| Topical term or geographic name as entry element | Chemical industry. |
| 9 (RLIN) | 234702 |
| 942 ## - ADDED ENTRY ELEMENTS (KOHA) | |
| Source of classification or shelving scheme | Dewey Decimal Classification |
| Koha item type | Books |
| Lost status | Source of classification or shelving scheme | Damaged status | Not for loan | Collection code | Permanent Location | Current Location | Shelving location | Date acquired | Total Checkouts | Full call number | Date last seen | Copy number | Koha item type |
|---|---|---|---|---|---|---|---|---|---|---|---|---|---|
| Dewey Decimal Classification | Not For Loan | Non-fiction | Central Library, University of Rajshahi | Central Library, University of Rajshahi | Reading Room | 26/12/2019 | 660.2 SHC 1945 | 26/12/2019 | C-1 | Books |